00556 aa a2200181 450000500170000001000060001702000340002303500130005703700080007008200110007810000280008924501000011724600090021726000650022627000120029130000650030349000060036820120614104837.0 a  c300.00a8187247665 (भा-1) aB-148796 bpub a327.54 aओझा, शीला aसमकालीन भारतीय विदेश नीति /cशीला ओझा a b  aजयपुरbश्याम प्रकाशनc2005 a b e  aभाग-1(160पृ)c22 सेमी (सजिल्द) a